Classical mechanics
Uloženo v:
| Hlavní autoři: | , , |
|---|---|
| Médium: | Kniha |
| Jazyk: | angličtina |
| Vydáno: |
San Francisco
Addison-Wesley
2002
|
| Vydání: | 3a. ed |
| Témata: | |
| Tagy: |
Přidat tag
Žádné tagy, Buďte první, kdo vytvoří štítek k tomuto záznamu!
|
MARC
| LEADER | 00000cam a2200000 a 4500 | ||
|---|---|---|---|
| 001 | UCM5092 | ||
| 003 | CL-VaPUC | ||
| 008 | 020927e20020000US |||||||||||||||||eng|d | ||
| 082 | 0 | 4 | |a 531 |b GOL |2 21 |
| 100 | |a Goldstein, Herbert |e author |9 471422 | ||
| 700 | 0 | |a Poole, Charles |e author |9 471423 | |
| 700 | 0 | |a Safko, John |e author |9 471424 | |
| 245 | 1 | 0 | |a Classical mechanics |
| 250 | |a 3a. ed | ||
| 300 | |a 638 p | ||
| 942 | |c BK | ||
| 945 | |d 20020927 00:00:00 |a cmena | ||
| 260 | |a San Francisco |b Addison-Wesley |c 2002 | ||
| 500 | |a Ejemplar Proyecto MECESUP en Laboratorio de Física | ||
| 650 | 0 | |a Mecánica |9 260096 | |
| 650 | 0 | |a Cinemática |9 260942 | |
| 650 | 0 | |a Dinámica |9 260136 | |
| 650 | 7 | |a FUERZAS |2 CL-VaPUC |9 360776 | |
| 650 | 0 | |a Movimiento |9 322237 | |
| 650 | 0 | |a Cinética |9 260943 | |
| 583 | |a last modification |c 20121031 04:11:31 |k Rodrigo Vera | ||
| 999 | |c 301382 |d 301380 | ||
| 952 | |0 0 |1 0 |4 0 |6 531_000000000000000_GOL_2002 |7 0 |8 A |9 360260 |a BIBCUR |b BIBCUR |d 2019-11-21 |i 3842037 |l 10 |m 1 |o 531 GOL 2002 |p 3842037 |r 2025-04-22 |s 2024-06-26 |w 2019-11-21 |y BK |k FIS | ||
| 952 | |0 0 |1 0 |4 0 |6 531_000000000000000_GOL_2002 |7 0 |8 A |9 360261 |a BIBCUR |b BIBCUR |d 2019-11-21 |i 4786858 |l 5 |o 531 GOL 2002 |p 4786858 |r 2025-04-22 |s 2024-06-26 |w 2019-11-21 |y BK |k FIS | ||
| 952 | |0 0 |1 0 |4 0 |6 531_000000000000000_GOL_2002 |7 0 |8 A |9 360262 |a BIBCUR |b BIBCUR |d 2019-11-21 |i 492133K |l 6 |m 4 |o 531 GOL 2002 |p 492133K |r 2025-04-22 |s 2025-03-10 |w 2019-11-21 |y BK |k FIS | ||